Football Teams Jonathan dos Santos Played For - Statistics

General Stats
  • This quiz has been taken 13 times
  • The average score is 4 of 5
Answer Stats
League Years Team % Correct
Spain 2012-2014 FC Barcelona
100%
Spain 2009-2012 FC Barcelona Atlètic
100%
USA 2017-2022 Los Angeles Galaxy
82%
Mexico 2022- CF América
73%
Spain 2014-2017 Villarreal CF
45%
No matching quizzes found
Score Distribution
Percent of People with Each Score
Percentile by Number Answered
Your Score History
You have not taken this quiz